Naître ennemi (Registro nro. 313511)

Detalles MARC
000 -ENCABEZADO
Número de control [NR] 00967 a2200265 4500
005 - FECHA Y HORA DE LA ÚLTIMA TRANSACCIÓN
control field 20190913105428.0
008 - DE LONGITUD FIJA DE DATOS DE ELEMENTOS - INFORMACIÓN GENERAL
Elementos de longitud fija [NR] 190913s2014 fr ||||| |||| 00| 0 fre d
020 ## - NUMERO INTERNACIONAL NORMALIZADO PARA LIBROS [R]
Número Internacional Normalizado del libro [NR] 9782228910286
040 ## - FUENTE DE CATALOGACION [NR]
Agencia de catalogación original [NR] CO-BoUCM
Idioma de catalogación [NR] spa
Quien Cataloga Saul Niño
Quien Clasifica Saul Niño
041 0# - CODIGO DE IDIOMA [R]
Código de idioma para texto/pista de sonido o título separado [R] Francés
100 10 - ASIENTO PRINCIPAL--NOMBRE PERSONAL [NR]
Nombre personal [NR] Virgili, Fabrice
ID Autoridad 98440
245 10 - MENCION DE TITULO [NR]
Título [NR] Naître ennemi
Parte restante del título [NR] les enfants de couples franco-allemands nés pendant la seconde guerre mondiale
Mención de responsabilidad, etc. [NR] Fabrice Virgili
260 ## - PUBLICACION, DISTRIBUCION, ETC. (PIE DE IMPRENTA) [R]
Lugar de publicación, distribución, etc. [R] Paris
Nombre del editor, distribuidor, etc. [R] Payot
Fecha de publicación, distribución, etc. [R] 2014
300 ## - DESCRIPCION FISICA [R]
Extensión [R] 478 páginas
490 0# - MENCION DE SERIE [R]
Mención de serie [R] Petite bibliothèque Payot
Designación numérica/secuencial del volumen [NR] 961
546 ## - NOTA DE IDIOMA [R]
Nota de idioma [NR] Texto en francés
650 #7 - ASIENTO SECUNDARIO DE MATERIA - TERMINO TEMATICO [R]
9 (RLIN) 26509
Término temático o nombre geográfico como elemento de entrada [NR] Historia de Europa
650 #7 - ASIENTO SECUNDARIO DE MATERIA - TERMINO TEMATICO [R]
9 (RLIN) 16627
Término temático o nombre geográfico como elemento de entrada [NR] Guerra Mundial II, 1939 -1945
Subdivisión general [R] Aspectos sociales
650 #7 - ASIENTO SECUNDARIO DE MATERIA - TERMINO TEMATICO [R]
9 (RLIN) 20984
Término temático o nombre geográfico como elemento de entrada [NR] Padres e hijos
Subdivisión geográfica [R] Francia
650 #7 - ASIENTO SECUNDARIO DE MATERIA - TERMINO TEMATICO [R]
9 (RLIN) 20984
Término temático o nombre geográfico como elemento de entrada [NR] Padres e hijos
Subdivisión geográfica [R] Alemania
650 #7 - ASIENTO SECUNDARIO DE MATERIA - TERMINO TEMATICO [R]
9 (RLIN) 24830
Término temático o nombre geográfico como elemento de entrada [NR] Soldados
Subdivisión general [R] Aspectos sociales
650 #7 - ASIENTO SECUNDARIO DE MATERIA - TERMINO TEMATICO [R]
9 (RLIN) 17119
Término temático o nombre geográfico como elemento de entrada [NR] Identidad nacional
Subdivisión general [R] Niños
942 ## - ELEMENTOS DE ENTRADA AGREGADOS (KOHA)
Tipo de ítem principal el descrito en 300a Libro
Sistema de clasificación DEWEY
Tema principal Historia
Edición 1
Clasificación 940
Parte restante de la signatura top. V816n
Existencias
Total préstamos Signatura topográfica Código de barras Última vez visto Ejemplar Costo de reposición Price effective from Tipo de ítem Perdido Sistema de clasificación Dañado No prestable Tipo de ítem específico Suprimido Ubicación habitual Ubicación actual Localización Fecha de creación Proveedor Forma de adquisición Costo
  940 V816n 100163654 09/12/2025 Ej.1 102181.00 11/09/2019 Libro   DEWEY     Libro   Claustro Claustro 2do piso 11/09/2019 19 Compra 102181.00